[Event "Wch U20 Girls 29th"]
[Site "Chennai"]
[Date "2011.08.04"]
[Round "3"]
[White "Heredia Serrano, Carla Sofia"]
[Black "Nivedhitha, JG."]
[Result "1-0"]
[WhiteElo "2072"]
[BlackElo "1743"]
[PlyCount "127"]
[EventDate "2011.08.02"]
[EventType "swiss"]
[EventRounds "13"]
[EventCountry "IND"]
[SourceTitle "CBM 143 Extra"]
[Source "ChessBase"]
[SourceDate "2011.08.29"]
[SourceVersion "1"]
[SourceVersionDate "2011.08.29"]
[SourceQuality "1"]

1. d4 Nf6 2. Nf3 g6 3. Nc3 Bg7 4. e4 d6 5. h3 0-0 6. Be3 Nc6 7. Bb5 Nd7 8. d5 Nce5 9. Nd4 Nb6 10. Be2 c5 11. Nb3 Nec4 12. Bc1 f5 13. a4 a5 14. exf5 Bxf5 15. 0-0 Bd7 16. Nd2 Nxd2 17. Bxd2 e6 18. dxe6 Bxe6 19. Bg4 Bxg4 20. Qxg4 Qc8 21. b3 Qxg4 22. hxg4 Rad8 23. Rae1 Nc8 24. Nd5 b6 25. f4 Rfe8 26. Kf2 Kf7 27. c4 Rxe1 28. Rxe1 Re8 29. Rxe8 Kxe8 30. g5 Kf7 31. Kf3 h6 32. gxh6 Bxh6 33. Bc3 Bf8 34. g4 Be7 35. Ke4 Bh4 36. Be1 Na7 37. Ne3 Ke6 38. f5+ gxf5+ 39. gxf5+ Kd7 40. Nd5 Nc6 41. Bc3 Ke8 42. Bf6 Bxf6 43. Nxf6+ Kf7 44. Nd5 Nd4 45. Nxb6 Nxb3 46. Nc8 Nd2+ 47. Kd5 Kf6 48. Nxd6 Nb1 49. Ne4+ Kxf5 50. Nxc5 Nc3+ 51. Kd4 Ne2+ 52. Ke3 Nc3 53. Kd3 Nd1 54. Kc2 Ne3+ 55. Kb3 Ke5 56. Nb7 Kd4 57. Nxa5 Nf1 58. Kb4 Ne3 59. Nc6+ Kd3 60. Ne5+ Kd4 61. Nf3+ Kd3 62. Ne5+ Kd4 63. Nc6+ Kd3 64. Ka5 1-0

[Event "IND-chB (Women)"]
[Site "Shilpgram"]
[Date "2010.08.22"]
[Round "3"]
[White "Swati, Mohota"]
[Black "Nivedhitha, JG."]
[Result "1-0"]
[WhiteElo "2112"]
[BlackElo "1794"]
[PlyCount "97"]
[EventDate "2010.08.20"]
[EventType "swiss"]
[EventRounds "11"]
[EventCountry "IND"]
[SourceTitle "CBM 138 Extra"]
[Source "ChessBase"]
[SourceDate "2010.10.29"]
[SourceVersion "1"]
[SourceVersionDate "2010.10.29"]
[SourceQuality "1"]

1. d4 Nf6 2. c4 g6 3. Nc3 Bg7 4. e4 d6 5. f3 0-0 6. Be3 Nc6 7. Nge2 a6 8. Qd2 Rb8 9. h4 h5 10. 0-0-0 b5 11. Bh6 e5 12. Bxg7 Kxg7 13. d5 Na5 14. Ng3 Nxc4 15. Bxc4 bxc4 16. Nf1 Nd7 17. Ne3 Nc5 18. Nxc4 f5 19. Qe3 fxe4 20. fxe4 Bg4 21. Rdf1 Rxf1+ 22. Rxf1 Qxh4 23. Nxe5 dxe5 24. Qxc5 Qg5+ 25. Kc2 Qd8 26. Rf2 Rb6 27. b4 Qd6 28. Qxd6 Rxd6 29. Kd3 Bd7 30. Rc2 Kf6 31. a4 Rb6 32. Kc4 g5 33. b5 h4 34. Kc5 axb5 35. Nxb5 Bxb5 36. axb5 g4 37. Kb4 Rb7 38. Rf2+ Kg6 39. Rf8 Ra7 40. Kb3 Kg7 41. Rf5 Kg6 42. Rxe5 g3 43. Re8 Kg7 44. Re7+ Kg6 45. d6 h3 46. d7 hxg2 47. d8Q g1Q 48. Qg8+ Kf6 49. Qg7# 1-0